Bichkek - Choix Multiples - Statistiques

Statistiques générales
  • Ce quiz a été pris 11 fois
  • Le résultat moyen est 5 sur 10
Statistiques - réponses
Question Réponse % Correct
Quelle boisson traditionnelle du Kirghizistan est comsommer et vendu sur les marchés de la ville ? Du lait de jument fermenté
89%
Quel photo avec les montagnes en arrière-plan, la ville de Bichkek?
56%
Il y a une forte communatué ethnique nommé "Dounganes" qui sont originaire de quel pays ? Chine
56%
Nom que portait la ville lors de la periode Soviétique de 1926 à 1992 Frounze
56%
Fleur présente et probablement originaire des montagnes près de la ville, cultiver et donnant son nom à la révolution de 2005 contre l'ancien président Askar Akaïev Tulipe
56%
En quel pierre sont constituer les bâtimants publique au centre de la ville ? En marbre blanc
44%
Quelle grande chaîne de montagne dominant le sud de la ville. Tian Shan
44%
Avenue commercial et ministérielle qui traverse Bichkek d'est en Ouest Avenue Chuy
33%
Quel bâtiment emblématique de la ville ce situ sur la place central Ala-Too ? Le musée national d'Histoire
33%
Quel parc publique est le plus connus des bickékiens, -iennes. Parc Panfilov
22%
Aucun quiz correspondant
Distribution des résultats
% des personnes avec chaque résultat
Percentile par nombre de réponses
Votre historique - résultats
Vous n’avez pas pris ce quiz